| 000 | 01002cam a2200289 i 4500 | ||
|---|---|---|---|
| 999 |
_c200453650 _d71862 |
||
| 003 | TR-AnTOB | ||
| 005 | 20230720104339.0 | ||
| 007 | ta | ||
| 008 | 860804r19811958enka 000 1 eng d | ||
| 020 | _a9780582023123 | ||
| 040 |
_aUKM _beng _erda _cUKM _dOCL _dYDXCP _dOQP _dBGZ _dTR-AnTOB |
||
| 041 | 0 | _aeng | |
| 050 | 1 | 4 |
_aPR9387.9.A3 _bT5 1981 |
| 090 |
_aPR9387.9.A3 _bT5 1981 |
||
| 100 |
_aAchebe, Chinua _952321 |
||
| 245 | 1 | 0 |
_aThings fall apart / _cChinua Achebe ; illustrated by Uche Okeke. |
| 264 | 1 |
_aLondon : _bHeinemann, _c1981. |
|
| 300 |
_a61 pages ; _c20 cm |
||
| 336 |
_atext _btxt _2rdacontent |
||
| 337 |
_aunmediated _bn _2rdamedia |
||
| 338 |
_avolume _bnc _2rdacarrier |
||
| 490 | 0 |
_aAfrican writers series ; _vAWS 1 |
|
| 500 | _a"First published by W. Heinemann Ltd. 1958, first published in African writers series AWS 1, in 1962 reprinted 1962 ...1986." | ||
| 650 | 0 |
_aCity and town life _zNigeria _zLagos _xFiction. _944717 _vFiction |
|
| 942 |
_2lcc _cBK |
||